[Event "Gausdal Int"]
[Site "Gausdal"]
[Date "1991.??.??"]
[Round "6"]
[White "Serper, Grigory"]
[Black "Kotronias, Vasilios"]
[Result "1/2-1/2"]
[WhiteElo "2490"]
[BlackElo "2550"]

1.c4 e6 2.Nc3 d5 3.d4 Be7 4.Nf3 Nf6 5.Bg5 h6 6.Bh4 O-O 7.Qc2 c5 8.dxc5 Nc6
9.cxd5 exd5 10.e3 Qa5 11.Be2 Qxc5 12.O-O d4 13.exd4 Nxd4 14.Nxd4 Qxd4 15.Bg3 Be6
16.Nb5 Qb6 17.Qc7 Bd8 18.Qxb6 Bxb6 19.Nd6 Bd4 20.Nb5 Bb6 21.Nd6 Bd4 22.Nb5  1/2-1/2

[Event "Peer Gynt"]
[Site "Gausdal"]
[Date "1991.??.??"]
[Round "6"]
[White "Chekhov, Valery A"]
[Black "Serper, Grigory"]
[Result "1/2-1/2"]
[WhiteElo "2525"]
[BlackElo "2490"]

1.d4 Nf6 2.c4 e6 3.Nc3 Bb4 4.e3 c5 5.Bd3 Nc6 6.Ne2 cxd4 7.exd4 d5 8.O-O dxc4
9.Bxc4 O-O 10.a3 Bd6 11.Qd3 e5 12.d5 e4 13.Nxe4 Ne5 14.Qd4 Nxe4 15.Qxe4 Qf6
16.Ng3  1/2-1/2

[Event "Gausdal Int"]
[Site "Gausdal"]
[Date "1991.??.??"]
[Round "8"]
[White "Serper, Grigory"]
[Black "Djurhuus, Rune"]
[Result "1-0"]
[WhiteElo "2490"]
[BlackElo "2410"]

1.c4 Nf6 2.Nc3 g6 3.e4 d6 4.d4 Bg7 5.Nge2 c6 6.Ng3 a6 7.Be2 b5 8.O-O e5 9.dxe5 dxe5
10.Qxd8+ Kxd8 11.f4 Nbd7 12.fxe5 Nxe5 13.cxb5 axb5 14.Bg5 b4 15.Rxf6 Kc7
16.Nd1 h6 17.Bh4 g5 18.Nh5 Bxf6 19.Bg3 Ra5 20.Nxf6 Kb7 21.Be1 c5 22.Ne3 Be6
23.Bg3 Nc6 24.Nc4 Ra7 25.Nd6+ Kb6 26.Nd5+ Bxd5 27.exd5 Nd4 28.Nc4+ Kb7 29.Bd3 Rd8
30.Re1 Ka8 31.Nb6+ Kb7  1-0

[Event "URS-ch U26"]
[Site "Kherson"]
[Date "1991.??.??"]
[Round "?"]
[White "Kruppa, Yuri"]
[Black "Serper, Grigory"]
[Result "1-0"]
[WhiteElo "2480"]
[BlackElo "2490"]

1.e4 e6 2.d4 d5 3.Nc3 dxe4 4.Nxe4 Nd7 5.Nf3 Ngf6 6.Nxf6+ Nxf6 7.Bg5 h6 8.Bh4 Be7
9.Bd3 c5 10.dxc5 Qa5+ 11.Qd2 Qxd2+ 12.Nxd2 Bxc5 13.O-O-O Bd7 14.Ne4 Be7 15.Nxf6+ Bxf6
16.Bxf6 gxf6 17.Be4 O-O-O 18.Rd3 f5 19.Bf3 Bb5 20.Rc3+ Kb8 21.Rb3 Ba6 22.Bh5 Bc4
23.Rg3 f4 24.Rg7 e5 25.Re1 Rdg8 26.Rxg8+ Rxg8 27.b3 Be6 28.Bf3 f6 29.g3 fxg3
30.hxg3 Bg4 31.Bd5 Rg5 32.Kd2 Kc7 33.Ke3 b6 34.c4 Kd6 35.Be4 Ke7 36.Rh1 Rh5
37.Rc1 Kd6 38.b4 Be6 39.a3 Rh2 40.c5+ bxc5 41.Rxc5 f5 42.Bf3 e4 43.Be2 f4+
44.gxf4 Rh3+ 45.Kxe4 Rxa3 46.Bb5 Ra1 47.Rc6+ Ke7 48.f5 Re1+ 49.Kf4 Bd5 50.Rxh6 Re4+
51.Kg5 Rxb4 52.Rh7+ Kf8 53.Ba6 Bf7 54.Rh8+ Kg7 55.Ra8 Bd5 56.Rxa7+ Kf8 57.Rd7 Rb6
58.Bd3 Bf7 59.f6 Rb8 60.Bg6 Be6 61.Re7 Ba2 62.f4  1-0

[Event "URS-ch U26"]
[Site "Kherson"]
[Date "1991.??.??"]
[Round "?"]
[White "Serper, Grigory"]
[Black "Aleksandrov, Aleksej"]
[Result "1/2-1/2"]
[WhiteElo "2490"]
[BlackElo "2370"]

1.c4 e6 2.Nc3 d5 3.d4 Bb4 4.Nf3 Nf6 5.cxd5 exd5 6.Qa4+ Nc6 7.Bg5 h6 8.Bxf6 Qxf6
9.e3 O-O 10.Be2 Be6 11.a3 Bd6 12.Nb5 Bg4 13.Rc1 Ne7 14.Nxd6 Qxd6 15.Qb4 Qxb4+
16.axb4 c6 17.b5 Rfc8 18.Kd2 f6 19.bxc6 Rxc6 20.Rxc6 Nxc6 21.Rc1 Rc8 22.h3 Be6
23.Ne1 Nb4 24.Ra1 Ra8 25.Ra5 b6 26.Rb5 Nc6 27.Rb3 Na5 28.Rc3 Rc8 29.Rxc8+ Bxc8
30.Bf3 Nc4+ 31.Kc3 Bb7 32.Nd3 Nd6 33.Nb4 Nb5+ 34.Kd3 Nc7 35.h4  1/2-1/2

[Event "URS-ch U26"]
[Site "Kherson"]
[Date "1991.??.??"]
[Round "?"]
[White "Minasian, Artashes"]
[Black "Serper, Grigory"]
[Result "1-0"]
[WhiteElo "2495"]
[BlackElo "2490"]

1.e4 c5 2.Nf3 d6 3.Nc3 Nc6 4.d4 cxd4 5.Nxd4 Nf6 6.Bc4 Qb6 7.Nb3 e6 8.O-O Be7
9.Bg5 Ne5 10.Be2 a6 11.Kh1 Qc7 12.f4 Ned7 13.a4 b6 14.Bd3 Bb7 15.Qe2 h6 16.Bh4 g5
17.Bg3 gxf4 18.Rxf4 Ne5 19.Raf1 Nfd7 20.Qh5 O-O-O 21.Qe2 Nb8 22.R4f2 Nbc6
23.Bxa6 h5 24.a5 bxa5 25.Bxe5 Nxe5 26.Bxb7+ Kxb7 27.Qb5+ Qb6 28.Nxa5+ Kc7
29.Nc4 Qxb5 30.Nxb5+ Kc6 31.Nxe5+ dxe5 32.Rxf7 Bc5 33.Nc7 Rh6 34.Na6 Bd6
35.c4 Kb6 36.R7f3 Rh7 37.c5+  1-0

[Event "Krumbach op"]
[Site "Krumbach"]
[Date "1991.??.??"]
[Round "1"]
[White "Legahn, Dirk"]
[Black "Serper, Grigory"]
[Result "1/2-1/2"]
[WhiteElo "2280"]
[BlackElo "2490"]

1.Nf3 c5 2.g3 Nc6 3.c4 g6 4.Bg2 Bg7 5.Nc3 d6 6.O-O Bd7 7.e3 Nf6 8.d4 O-O
9.b3 Qc8 10.Bb2 Bh3 11.Qe2 Bxg2 12.Kxg2 e6 13.d5 exd5 14.cxd5 Nb4 15.a3 Nbxd5
16.Nxd5 Nxd5 17.Bxg7 Kxg7 18.Rfd1 Nf6 19.Rxd6 Ne4 20.Rd5 Re8 21.Rad1 Qc6
22.Qb2+ Kg8 23.Ne5 Qf6 24.f3 Ng5 25.f4 Ne6 26.Nc4 Qxb2+ 27.Nxb2 Rad8 28.Nc4  1/2-1/2

[Event "Krumbach op"]
[Site "Krumbach"]
[Date "1991.??.??"]
[Round "3"]
[White "Bischoff, Klaus"]
[Black "Serper, Grigory"]
[Result "1/2-1/2"]
[WhiteElo "2495"]
[BlackElo "2490"]

1.c4 c5 2.Nf3 g6 3.d4 cxd4 4.Nxd4 Bg7 5.e4 Nc6 6.Be3 Nf6 7.Nc3 O-O 8.Be2 d6
9.O-O Bd7 10.Qd2 Nxd4 11.Bxd4 Bc6 12.f3 a5 13.b3 Nd7 14.Bf2 Nc5 15.Rab1 b6
16.Rfd1 Ra7 17.Bf1 Be5 18.Ne2 Qb8 19.Nd4 Bd7 20.Re1 Ne6 21.Nxe6 Bxe6 22.Qe3 Rb7
23.f4 Bg7 24.Rbd1  1/2-1/2

[Event "Krumbach op"]
[Site "Krumbach"]
[Date "1991.??.??"]
[Round "4"]
[White "Serper, Grigory"]
[Black "Panzer, Peter"]
[Result "1-0"]
[WhiteElo "2490"]
[BlackElo "2285"]

1.c4 g6 2.e4 Bg7 3.d4 d6 4.Nc3 Nf6 5.Nge2 O-O 6.Ng3 e5 7.d5 a5 8.Be2 Na6
9.h4 h5 10.Bg5 Qe8 11.Qd2 Kh7 12.Nb5 Bd7 13.Qxa5 Nxe4 14.Nxe4 Nc5 15.Nxc7 Rxa5
16.Nxe8 Nxe4 17.Nxg7 Kxg7 18.Be3 Rfa8 19.a3 b5 20.Bd3 Nf6 21.Bd2 Ra4 22.cxb5 Nxd5
23.Rc1 Rd4 24.Be2 Rb8 25.Rc4 Rxd2 26.Kxd2 Bxb5 27.Rc2 Ba4 28.b3 Rxb3 29.Bc4 Rxa3
30.Bxd5 Bxc2 31.Kxc2 Ra4 32.g3 f5 33.Rb1 f4 34.Rb7+ Kh6 35.Bb3 Rd4 36.Be6 fxg3
37.fxg3 e4 38.g4 hxg4 39.Bg8 g5 40.Rh7+ Kg6 41.h5+ Kf6 42.Rf7+ Ke5 43.h6 Rd3
44.Re7+ Kf5 45.h7 Rh3 46.Bd5 Rh2+ 47.Kc3 Kf6 48.Re6+ Kf5 49.Re8 g3 50.Bxe4+ Kf4
51.Kd3 g2 52.Rf8+ Kg3 53.Bxg2 Rxh7 54.Be4 Rh6 55.Rf3+ Kh4 56.Rf1 g4 57.Ke3 Kg5
58.Rf5+ Kg6 59.Kf4 Kg7 60.Ra5 Re6 61.Bf5 Re1 62.Bxg4 Kf6 63.Rh5 Rg1 64.Bf3 Ke6
65.Ke4 Re1+ 66.Kd4 Re5 67.Bg4+ Ke7 68.Rh7+ Ke8 69.Ra7 Rg5 70.Bf3 Re5 71.Bc6+ Kf8
72.Rd7 Re6 73.Kd5 Rh6 74.Ra7 Rf6 75.Bd7 Kg7 76.Be6+ Kg6 77.Ra8 Rf4 78.Rb8 Kg5
79.Rh8 Rf2 80.Rg8+ Kf4 81.Kxd6 Rb2 82.Rg4+ Kf3 83.Ra4 Kg3 84.Bd5 Re2 85.Be4 Re3
86.Ke5 Rb3 87.Ra2 Rb5+ 88.Bd5 Kh3 89.Rd2 Kg4 90.Rg2+ Kh5 91.Ke6 Ra5 92.Rg1 Rb5
93.Be4 Kh4 94.Bf5 Ra5 95.Kf6 Rc5 96.Rg4+ Kh5 97.Ra4 Rc6+ 98.Be6 Rb6 99.Ra8 Kh4
100.Ra3  1-0

[Event "Krumbach op"]
[Site "Krumbach"]
[Date "1991.??.??"]
[Round "5"]
[White "Gutman, Lev"]
[Black "Serper, Grigory"]
[Result "0-1"]
[WhiteElo "2445"]
[BlackElo "2490"]

1.Nf3 Nf6 2.g3 d6 3.d4 Nbd7 4.Bg2 e5 5.O-O Be7 6.c4 O-O 7.Nc3 c6 8.Qc2 Re8
9.b3 Bf8 10.e4 a6 11.Rd1 b5 12.c5 exd4 13.Nxd4 dxc5 14.Nxc6 Qb6 15.e5 Bb7
16.exf6 Nxf6 17.Ne4 Nxe4 18.Bxe4 Bxc6 19.Bxh7+ Kh8 20.Bb2 Re7 21.Rd6 Rae8
22.Bc3 Re2 23.Qf5 Bxd6 24.Qh5 Bf3 25.Qh3 Be5 26.Bxe5 R2xe5  0-1

[Event "Miedzybrodzie op"]
[Site "Miedzybrodzie"]
[Date "1991.??.??"]
[Round "2"]
[White "Serper, Grigory"]
[Black "Pisulinski, Jan"]
[Result "1-0"]
[WhiteElo "2490"]
[BlackElo "2385"]

1.c4 c5 2.Nf3 b6 3.Nc3 Bb7 4.e4 d6 5.d4 cxd4 6.Nxd4 Nf6 7.Qe2 e6 8.g3 Be7
9.Bg2 a6 10.O-O O-O 11.e5 Bxg2 12.exf6 Bxf1 13.fxe7 Bxe2 14.exd8=Q Rxd8 15.Ndxe2 Nc6
16.Bf4 Rab8 17.Rd1 e5 18.Be3 b5 19.cxb5 axb5 20.Nd5 Kf8 21.Nec3 b4 22.Ne4 Rb5
23.a4 bxa3 24.bxa3 Nd4 25.Nb4 d5 26.Nc3 Rc5 27.Bxd4 exd4 28.Ne2 Ra8 29.Rd3 h5
30.Nxd4 g6 31.Kf1 Re8 32.Nb3 Rb5 33.Nd4 Rc5 34.Ne2 Kg7 35.Nf4 Rc1+ 36.Kg2 g5
37.Nxh5+ Kg6 38.g4 f5 39.h3 fxg4 40.hxg4 Re4 41.Nxd5 Rxg4+ 42.Ng3 Ra4 43.Nb4 Ra1
44.Rd6+ Kf7 45.Nc6 R1xa3 46.Ne5+ Ke8 47.Re6+ Kf8 48.Rg6 g4 49.Nf5 Ra5 50.Rf6+ Ke8
51.Ng7+ Ke7 52.Rf7+  1-0

[Event "Moscow7 op"]
[Site "Moscow"]
[Date "1991.??.??"]
[Round "?"]
[White "Yanvarjov, Igor"]
[Black "Serper, Grigory"]
[Result "1-0"]
[WhiteElo "2385"]
[BlackElo "2490"]

1.d4 Nf6 2.Nf3 d5 3.c4 e6 4.Bg5 Bb4+ 5.Nc3 Nbd7 6.cxd5 exd5 7.e3 c5 8.Be2 Qa5
9.O-O Bxc3 10.bxc3 c4 11.Qc2 Ne4 12.Rac1 Nb6 13.Bf4 O-O 14.Ng5 Bf5 15.Nxe4 Bxe4
16.Qd2 Rac8 17.g4 Rc6 18.f3 Bg6 19.Rf2 Qa3 20.h4 h5 21.gxh5 Bxh5 22.Kh2 Qe7
23.Bg5 f6 24.Bf4 f5 25.Kh1 Nd7 26.Rg1 Rg6 27.Rg5 Rxg5 28.hxg5 Re8 29.Rg2 Bg6
30.Qb2 Nf8 31.Be5 Nd7 32.f4 Nxe5 33.dxe5 Bf7 34.Qb1 Be6 35.Bh5 Bf7 36.Bxf7+ Qxf7
37.g6 Qd7 38.Rg5 d4 39.exd4 Qd5+ 40.Rg2 Rf8 41.Qd1  1-0

[Event "Moscow7 op"]
[Site "Moscow"]
[Date "1991.??.??"]
[Round "?"]
[White "Vorotnikov, Vladislav V"]
[Black "Serper, Grigory"]
[Result "0-1"]
[WhiteElo "2415"]
[BlackElo "2490"]

1.e4 c5 2.c3 d5 3.exd5 Qxd5 4.d4 Nf6 5.Nf3 e6 6.Na3 Be7 7.Nb5 Na6 8.Be2 cxd4
9.Qxd4 O-O 10.Bg5 Qxd4 11.Nbxd4 Nc5 12.O-O Nce4 13.Bh4 Rd8 14.Rfd1 Bd7 15.Nd2 g5
16.Nxe4 Nxe4 17.Bg3 Nxg3 18.hxg3 Be8 19.Bf3 Rab8 20.g4 Bf6 21.a4 Bxd4 22.cxd4 Bc6
23.a5 Rd6 24.Rac1 Rbd8 25.Rc5 h6 26.Bxc6 Rxc6 27.Rb5 Rd7 28.f3 a6 29.Rb4 Rc2
30.Rd3 Rdc7 31.Rdb3 Rd2 32.Rxb7 Rc1+ 33.Kh2 Rcc2 34.Rc3 Rxg2+ 35.Kh1 Rh2+
36.Kg1 Rcg2+ 37.Kf1 Rf2+ 38.Kg1 Rhg2+ 39.Kh1 Rxb2 40.Rxb2 Rxb2 41.Rc6 Rd2
42.Rxa6 Rxd4 43.Kg2 Rd2+ 44.Kh3 Ra2 45.Ra8+ Kg7 46.Ra7 Kf6 47.a6 Ra3 48.Kg2 Ra4
49.Kg3 Ra2 50.Kh3 Kg7 51.Kg3 Kg6 52.Ra8 Kf6 53.Ra7 Ra4 54.Kg2 e5 55.Ra8 e4
56.fxe4 Ke5 57.Rf8 f6 58.Re8+ Kf4 59.Re6 Kxg4 60.Rxf6 h5 61.e5 Ra2+ 62.Kf1 h4
63.Rb6 h3 64.Kg1 Kg3 65.Rb3+ Kh4 66.e6 g4 67.e7 h2+ 68.Kh1 g3  0-1

[Event "Moscow7 op"]
[Site "Moscow"]
[Date "1991.??.??"]
[Round "?"]
[White "Serper, Grigory"]
[Black "Knezevic, Milorad"]
[Result "1-0"]
[WhiteElo "2490"]
[BlackElo "2390"]

1.c4 f5 2.g3 Nf6 3.Bg2 d6 4.Nc3 c6 5.e4 g6 6.exf5 Bxf5 7.d4 Na6 8.a3 e5 9.Nf3 exd4
10.Nxd4 Qe7+ 11.Nce2 Bd7 12.O-O Qf7 13.Nf4 O-O-O 14.b4 Nc7 15.Qa4 Qxc4 16.Bb2 Be7
17.Rfc1 Qa6 18.Qb3 d5 19.a4 Qb6 20.b5 c5 21.a5 Qd6 22.Ba3 b6 23.axb6 Qxb6
24.Qc2 Kb8 25.Nc6+ Bxc6 26.bxc6 Qxc6 27.Rab1+ Ka8 28.Bxc5 Bxc5 29.Qxc5 Qxc5
30.Rxc5 Rb8 31.Rbc1 Na6 32.Nxd5 Nxd5 33.Bxd5+  1-0

[Event "Moscow7 op"]
[Site "Moscow"]
[Date "1991.??.??"]
[Round "?"]
[White "Lempert, Igor"]
[Black "Serper, Grigory"]
[Result "1/2-1/2"]
[WhiteElo "2440"]
[BlackElo "2490"]

1.d4 Nf6 2.c4 e6 3.Nc3 Bb4 4.e3 c5 5.Bd3 Nc6 6.Ne2 cxd4 7.exd4 d5 8.cxd5 Nxd5
9.O-O O-O 10.a3 Bd6 11.Nxd5 exd5 12.Bf4 Bg4 13.f3 Bh5 14.Bxd6 Qxd6 15.Qd2 Bg6
16.Bb5 Ne7 17.Rfe1 Nc8 18.Nf4 Nb6 19.b3 Rac8 20.Nxg6 hxg6 21.a4 a6 22.Bf1 Nd7
23.a5 Nb8 24.b4 Nc6 25.Rab1 Qf6 26.Red1 Na7 27.b5 axb5 28.Bxb5 Rc7 29.Ba4 Rfc8
30.Rb6 Qh4 31.Bb3 Rd8 32.g3 Qe7 33.Re1 Qa3 34.Qb4 Qxb4 35.Rxb4 Nc6 36.Ra4 Ne7
37.Rb4 Nc6 38.Ra4 Ne7 39.Ba2 Ra8 40.Rb1 Ra6 41.Rb6 Rc2 42.Rxa6 bxa6 43.Bb3 Rb2
44.Ra3 Kf8 45.Ba4 Rb4 46.Bc2 Nc6 47.Bd3 Rb7 48.Bxa6 Ra7 49.Bb5 Rxa5  1/2-1/2

[Event "Vienna op"]
[Site "Vienna"]
[Date "1991.??.??"]
[Round "2"]
[White "Pfeiffer, Herbert"]
[Black "Serper, Grigory"]
[Result "1/2-1/2"]
[WhiteElo "2290"]
[BlackElo "2490"]

1.e4 c5 2.c3 d5 3.exd5 Qxd5 4.d4 Nf6 5.Nf3 e6 6.Bd3 Be7 7.O-O O-O 8.c4 Qh5
9.Be2 Rd8 10.Ng5 Qh4 11.Nf3 Qh5 12.Ng5 Qh4 13.Nf3 Qg4 14.h3 Qf5 15.Bd3 Qh5
16.Be2 Qf5 17.Bd3 Qh5 18.Be2  1/2-1/2

[Event "Vienna op"]
[Site "Vienna"]
[Date "1991.??.??"]
[Round "4"]
[White "Krajina, Davor"]
[Black "Serper, Grigory"]
[Result "0-1"]
[WhiteElo "2280"]
[BlackElo "2490"]

1.e4 c5 2.Nf3 d6 3.d4 cxd4 4.Nxd4 Nf6 5.Nc3 Nc6 6.f4 g6 7.Nxc6 bxc6 8.e5 Nd7
9.exd6 exd6 10.Be3 Be7 11.Be2 O-O 12.O-O Nf6 13.Kh1 d5 14.Bf3 Be6 15.Na4 Qa5
16.b3 c5 17.f5 Bxf5 18.c4 Rfe8 19.cxd5 Bd6 20.Bg1 Ne4 21.Rc1 Nd2 22.Bxc5 Nxf1
23.Bxd6 Ne3 24.Qd4 Nc2 25.Qf2 Re1+ 26.Rxe1 Qxe1+ 27.Qg1 Qd2 28.Nc5 Nd4 29.Bd1 Rd8
30.Bg3 Rxd5 31.Bf2 Ne2  0-1

[Event "Vienna op"]
[Site "Vienna"]
[Date "1991.??.??"]
[Round "7"]
[White "Serper, Grigory"]
[Black "Farago, Ivan"]
[Result "1/2-1/2"]
[WhiteElo "2490"]
[BlackElo "2515"]

1.c4 Nf6 2.Nc3 e5 3.Nf3 Nc6 4.d3 Bb4 5.Bd2 O-O 6.g3 d6 7.Bg2 a5 8.O-O h6
9.a3 Bc5 10.Na4 Be6 11.Rb1 Ba7 12.Rc1 Bc5 13.Rb1 Ba7 14.Rc1 Bc5  1/2-1/2

[Event "Vienna op"]
[Site "Vienna"]
[Date "1991.??.??"]
[Round "8"]
[White "Kapetanovic, Armin"]
[Black "Serper, Grigory"]
[Result "1/2-1/2"]
[WhiteElo "2440"]
[BlackElo "2490"]

1.Nf3 d5 2.d4 Nf6 3.c4 e6 4.Nc3 Bb4 5.cxd5 exd5 6.g3 O-O 7.Bg2 c6 8.O-O Nbd7
9.a3 Bd6 10.b4 a6 11.Ne1 b5 12.e4 dxe4 13.Qc2 Bb7 14.Nxe4 Nxe4 15.Bxe4 Nf6
16.Bg2 a5 17.Rb1 axb4 18.axb4 Qb6 19.Nd3 Qxd4 20.Be3 Qg4 21.Bc5 Rad8 22.Rfe1 Qg6
23.Rbc1 h5 24.Qa2 Nd5 25.Ne5 Qf6 26.Qa7 Bxe5 27.Bxf8 Bd4 28.Bc5 Qxf2+ 29.Kh1 Ne3
30.Rg1 Bxc5 31.Qxc5 Rd2 32.Rce1 Re2 33.Rxe2 Qxe2 34.Qe7 Qf2 35.Qxb7 Nxg2
36.Qxc6 Ne3 37.Qe8+ Kh7 38.Qe4+ f5 39.Qf4 Qd2 40.h3 Qd5+ 41.Kh2 Qd2+ 42.Kh1 Qd5+
43.Kh2  1/2-1/2

[Event "Helsinki op"]
[Site "Helsinki"]
[Date "1992.??.??"]
[Round "2"]
[White "Serper, Grigory"]
[Black "Makarov, Marat"]
[Result "1-0"]
[WhiteElo "2575"]
[BlackElo "2510"]

1.c4 Nf6 2.Nc3 e5 3.Nf3 Nc6 4.g3 Bc5 5.Bg2 d6 6.O-O O-O 7.e3 Bb6 8.b3 h6
9.Bb2 a6 10.h3 Bf5 11.d3 Qd7 12.Kh2 Bh7 13.d4 exd4 14.Nd5 Nxd5 15.cxd5 Nb4
16.Nxd4 Nd3 17.Bc3 Nc5 18.f3 a5 19.Qd2 c6 20.Ne2 cxd5 21.Nf4 Ne6 22.Nxd5 Bc5
23.Bxa5 Qb5 24.Bc3 Qd3 25.b4 Qxd2 26.Bxd2 Ba7 27.a4 Rfe8 28.Rfc1 Kf8 29.f4 Rac8
30.g4 Bd3 31.Rxc8 Rxc8 32.Rc1 Rxc1 33.Bxc1 Ke8 34.Kg3 Kd7 35.a5 Nd8 36.Bb2 f6
37.h4 Nc6 38.h5 Bc4 39.g5 Bxd5 40.Bxd5 fxg5 41.fxg5 Ne5 42.gxh6 gxh6 43.Bc1 Nd3
44.Bd2  1-0

[Event "Helsinki op"]
[Site "Helsinki"]
[Date "1992.??.??"]
[Round "5"]
[White "Geller, Efim P"]
[Black "Serper, Grigory"]
[Result "1/2-1/2"]
[WhiteElo "2525"]
[BlackElo "2575"]

1.e4 c5 2.Nf3 d6 3.d4 cxd4 4.Nxd4 Nf6 5.Nc3 Nc6 6.Be2 g6 7.Nb3 Bg7 8.O-O O-O
9.Re1 a6 10.Bf1 b5 11.Bg5 Nd7 12.Qd2 Re8 13.Rad1 Nb6 14.Nc1 Bb7 15.Bh6 Bh8
16.b3 Rc8 17.Nd5 Ne5 18.h3 Nxd5 19.exd5 Rc5 20.c4 bxc4 21.bxc4 Nxc4 22.Qb4 Qc8
23.Nb3 Rc7 24.Re4 Ne5 25.Re3 Nd7 26.Na5 Ba8 27.Nc4 Bg7 28.Bxg7 Kxg7 29.Ra3 Bb7
30.Ne3 Nf6 31.Qb6 Nd7 32.Qd4+ f6 33.Rb3 Nc5 34.Ra3 Qd7 35.Qf4 Bc8 36.Qd4 Qd8
37.Nc4 Bd7 38.Re1 Bb5 39.Ne3 Bxf1 40.Rxf1 Qd7 41.Re1 Rb8 42.Nf1 Qe8 43.Rae3 Qf7
44.h4 h5 45.Ng3 Rb5 46.Qf4 Rb8 47.Qd4 Re8 48.Ne2 e5  1/2-1/2

[Event "Helsinki op"]
[Site "Helsinki"]
[Date "1992.??.??"]
[Round "8"]
[White "Serper, Grigory"]
[Black "Kachiani Gersinska, Ketino"]
[Result "1-0"]
[WhiteElo "2575"]
[BlackElo "2360"]

1.c4 e6 2.Nc3 d5 3.d4 Be7 4.Nf3 Nf6 5.Bg5 Nbd7 6.e3 h6 7.Bf4 O-O 8.cxd5 Nxd5
9.Nxd5 exd5 10.Bd3 Re8 11.O-O c6 12.Qc2 a5 13.h3 a4 14.Rae1 Nf8 15.Bh2 Be6
16.Kh1 Qa5 17.Ng1 Rac8 18.Ne2 b6 19.Nf4 c5 20.dxc5 Bxc5 21.Qe2 a3 22.bxa3 Qxa3
23.Nxe6 Nxe6 24.Bb1 Nf8 25.Qg4 Rcd8 26.Rd1 Qb2 27.Bc7 Rd7 28.Bf4 Qf6 29.Bc2 Ra8
30.Bb3 d4 31.exd4 Rxd4 32.Rxd4 Qxd4 33.Qf3 Ra7 34.Bg3 Qb2 35.Re1 Rd7 36.Re4 Qf6
37.Rf4 Qg6 38.Rg4 Qb1+ 39.Kh2 Qb2 40.Rf4 Ne6 41.Rxf7 Rxf7 42.Bxe6 Qf6 43.Qd5 Ba3
44.f3 Bb2 45.a4 Bc3 46.Bxf7+  1-0

[Event "Manila ol (Men)"]
[Site "Manila"]
[Date "1992.??.??"]
[Round "?"]
[White "Akopian, Vladimir"]
[Black "Serper, Grigory"]
[Result "1/2-1/2"]
[WhiteElo "2605"]
[BlackElo "2540"]

1.d4 Nf6 2.c4 e6 3.Nf3 d5 4.Nc3 Bb4 5.Qb3 Nc6 6.Bg5 h6 7.Bxf6 Qxf6 8.e3 dxc4
9.Bxc4 O-O 10.O-O Bd6 11.Bb5 Bd7 12.Rfd1 a6 13.Be2 Rab8 14.Rac1 Rfc8 15.Ne4 Qe7
16.Nc5 Be8 17.Qc3 e5 18.dxe5 Nxe5 19.Nd4 Bxc5 20.Qxc5 Qf6 21.f4 Nc6 22.Bf3 b6
23.Qc3 Nxd4 24.Qxd4 Qe7 25.e4 Rd8 26.Qc3 c5 27.e5 Qe6 28.a3 Ba4 29.Rxd8+ Rxd8
30.b4 Qf5 31.bxc5 bxc5 32.Qa5 Rd4 33.Qxa6 Qxf4 34.Re1 Bd7 35.Be4 Bf5 36.Bxf5 Qxf5
37.e6  1/2-1/2

[Event "Alekhine op"]
[Site "Moscow"]
[Date "1992.??.??"]
[Round "?"]
[White "Serper, Grigory"]
[Black "Zaitsev, Igor A"]
[Result "1-0"]
[WhiteElo "2575"]
[BlackElo "2445"]

1.c4 Nf6 2.Nc3 e5 3.Nf3 Nc6 4.g3 Bb4 5.Nd5 Be7 6.Bg2 O-O 7.O-O d6 8.Ne1 Be6
9.d3 Qd7 10.f4 exf4 11.gxf4 Bg4 12.Nf3 Rab8 13.Bd2 b5 14.b3 bxc4 15.bxc4 Nxd5
16.cxd5 Nb4 17.Qb3 c6 18.Rab1 cxd5 19.a3 Nc6 20.Qxd5 Be6 21.Qe4 d5 22.Qa4 d4
23.Rfc1 Bd5 24.Ne5 Nxe5 25.Qxd7 Nxd7 26.Bxd5 Nf6 27.Rxb8 Rxb8 28.Bf3 Bxa3
29.Rc7 g6 30.Rxa7 Rb1+ 31.Kf2 Bb4 32.Rb7 Bxd2 33.Rxb1 Bxf4 34.h3 Be3+ 35.Kg2 h5
36.Rb7 Kg7 37.Bc6 h4 38.Kf3 Ng8 39.Ke4 Kf6 40.Be8 Nh6 41.Ra7 g5 42.Kf3 Kg6
43.Bc6 f5 44.Be8+ Kf6 45.Ra6+ Ke5 46.Bd7 Bd2 47.e4 fxe4+ 48.Ke2  1-0

[Event "Alekhine op"]
[Site "Moscow"]
[Date "1992.??.??"]
[Round "?"]
[White "Serper, Grigory"]
[Black "Malaniuk, Vladimir P"]
[Result "1/2-1/2"]
[WhiteElo "2575"]
[BlackElo "2540"]

1.e4 e6 2.d4 d5 3.exd5 exd5 4.Bd3 Bd6 5.Nf3 Ne7 6.Bg5 Nbc6 7.c3 Bg4 8.Nbd2 Qd7
9.Qc2 Bf5 10.O-O-O Bxd3 11.Qxd3 Qf5  1/2-1/2

[Event "Alekhine op"]
[Site "Moscow"]
[Date "1992.??.??"]
[Round "?"]
[White "Epishin, Vladimir"]
[Black "Serper, Grigory"]
[Result "1/2-1/2"]
[WhiteElo "2630"]
[BlackElo "2575"]

1.d4 Nf6 2.c4 e6 3.Nf3 d5 4.Nc3 Bb4 5.Bg5 Nbd7 6.cxd5 exd5 7.Rc1 h6 8.Bh4 c5
9.dxc5 Qa5 10.Qd4 O-O 11.a3 Bxc5 12.Qd2 Be7 13.e3 Nb6 14.Nd4 Ne4 15.Bxe7 Nxd2
16.Bb4 Qxb4 17.axb4 Nxf1 18.Rxf1 Be6 19.b3 a5 20.bxa5 Rxa5 21.Kd2 Rfa8 22.Rc2 Kf8
23.Nce2 Ra2 24.Rc1 Ke7 25.Nf4 Bd7 26.Kc3 Rc8+ 27.Kb4 Raxc2 28.Rxc2 Rxc2 29.Nxc2 Kd6
30.Nd4 Nc8 31.Nd3 b6 32.Nb2 Ne7 33.Kc3 Ng6 34.Nd3 Nh4 35.g3 Ng6 36.f4 Ne7
37.Ne5 Be8 38.g4 f6 39.Nd3 g5 40.Nf2 Bd7 41.f5 Nc6 42.Ne2 Ne5 43.Nd4 Bc8
44.Nb5+ Kc5 45.Nd4 Bd7 46.h3 Kd6 47.Nh1 Bc8 48.Ng3 Bd7 49.Nh5 Ke7 50.Nc2 Be8
51.Ng7 Bb5 52.Nb4 Kd6 53.Nh5 Bf1 54.Nxf6 Bxh3 55.Kd4  1/2-1/2

[Event "Tashkent"]
[Site "Tashkent"]
[Date "1992.??.??"]
[Round "?"]
[White "Vakhidov, Tahir"]
[Black "Serper, Grigory"]
[Result "1/2-1/2"]
[WhiteElo "2430"]
[BlackElo "2575"]

1.d4 Nf6 2.Nf3 d5 3.c4 e6 4.Nc3 Bb4 5.cxd5 exd5 6.Bg5 Nbd7 7.e3 c5 8.Bd3 Qa5
9.Qc2 c4 10.Bf5 O-O 11.O-O Re8 12.Nd2 g6 13.Bxd7 Nxd7 14.h4 f6 15.Bf4 Nb6
16.Nb3 Qa6 17.Nc5 Qa5 18.Nb3 Qa6 19.Nc5 Qa5  1/2-1/2

[Event "Tashkent"]
[Site "Tashkent"]
[Date "1992.??.??"]
[Round "?"]
[White "Serper, Grigory"]
[Black "Loginov, Valery A"]
[Result "1/2-1/2"]
[WhiteElo "2575"]
[BlackElo "2540"]

1.d4 Nf6 2.c4 e6 3.Nc3 Bb4 4.e3 O-O 5.Bd3 d5 6.Ne2 dxc4 7.Bxc4 e5 8.O-O exd4
9.Nxd4 Nbd7 10.a3 Bxc3 11.bxc3 Ne5 12.Be2 Qe7 13.c4 c5 14.Nb5 Rd8 15.Qc2 a6
16.Nc3 Be6 17.Ne4 Bf5 18.Nxf6+ Qxf6 19.e4 Bg4 20.f3 Nc6 21.Rb1 Nd4 22.Qa2 Be6
23.Rxb7 Nxe2+ 24.Qxe2 Qd4+ 25.Qf2 Qxf2+ 26.Rxf2 Rd1+ 27.Rf1 Rxf1+ 28.Kxf1 Bxc4+
29.Kf2 Rc8 30.Bf4 h6 31.Be5 Bb5 32.Rb8  1/2-1/2

[Event "Tashkent"]
[Site "Tashkent"]
[Date "1992.??.??"]
[Round "?"]
[White "Barsov, Alexei"]
[Black "Serper, Grigory"]
[Result "1/2-1/2"]
[WhiteElo "2400"]
[BlackElo "2575"]

1.d4 d5 2.c4 e6 3.Nc3 Bb4 4.cxd5 exd5 5.Bf4 Nf6 6.e3 Ne4 7.Qc2 c5 8.Bd3 cxd4
9.exd4 O-O 10.Ne2 Bf5 11.O-O Re8 12.Nb5 Na6 13.f3 Nd6 14.Bxf5 Nxf5 15.Qxf5 Rxe2
16.a3 Bf8 17.Qd3 Re8 18.Rfe1 Qb6 19.Kf1 g6 20.Rac1 Rac8 21.Rxe8 Rxe8 22.Rc2 Nb8
23.Nc7 Rd8 24.Nxd5 Rxd5 25.Bxb8 Rxd4 26.Qe2 Qd8 27.Bg3 h5 28.Be1 Bg7 29.g3 Qd5
30.Kg2 Rd3 31.Rc7 Be5 32.Rxb7 Qxb7 33.Qxd3 Qxb2+ 34.Bf2 Kg7 35.a4 Qa2 36.Qe4 Bc3
37.Kf1 Qa1+ 38.Kg2 Qb2 39.Kf1 a6 40.Qc4 a5  1/2-1/2

[Event "Tashkent"]
[Site "Tashkent"]
[Date "1992.??.??"]
[Round "?"]
[White "Iuldachev, Saidali"]
[Black "Serper, Grigory"]
[Result "1/2-1/2"]
[WhiteElo "2370"]
[BlackElo "2575"]

1.e4 c5 2.c3 d5 3.exd5 Qxd5 4.d4 Nf6 5.Nf3 e6 6.Bd3 Be7 7.O-O O-O 8.Be3 Nc6
9.h3 b6 10.c4 Qd7 11.Ne5 Qc7 12.Nxc6 Qxc6 13.Be2 Bb7 14.Bf3 Qc7 15.Bxb7 Qxb7
16.dxc5 Bxc5 17.Bxc5 bxc5 18.Qe2 Ne4 19.Re1 Nd6 20.b3 Nf5 21.Nc3 Nd4 22.Qb2 Rfd8
23.Rad1 Rd7 24.Ne4 Qc7 25.Qa3 Nc2 26.Qa4 Rd4 27.Rxd4 Nxd4 28.Nc3 h6 29.Nb5 Qd7
30.Qa5 Nc6 31.Qc7 Rd8 32.Qxd7 Rxd7 33.Nc3 Nb4 34.Re2 Kf8 35.Na4 Rd1+ 36.Kh2 Nd3
37.Nc3 Rc1 38.Na4 Rd1 39.Nc3 Rc1 40.Na4 Rd1 41.Nc3  1/2-1/2

[Event "Wisla BES op"]
[Site "Wisla"]
[Date "1992.??.??"]
[Round "2"]
[White "Serper, Grigory"]
[Black "Grabarczyk, Miroslaw"]
[Result "1-0"]
[WhiteElo "2540"]
[BlackElo "2315"]

1.c4 c5 2.Nf3 g6 3.d4 cxd4 4.Nxd4 Bg7 5.e4 Nc6 6.Be3 d6 7.Be2 Nxd4 8.Bxd4 Bxd4
9.Qxd4 Nf6 10.Nc3 O-O 11.O-O b6 12.e5 dxe5 13.Qxe5 Be6 14.Rfd1 Qb8 15.Qe3 Qc7
16.Nb5 Qc5 17.Qxc5 bxc5 18.Bf3 Rab8 19.b3 a6 20.Nc7 Rb6 21.Rd2 Rc8 22.Nxe6 Rxe6
23.Rad1 Kg7 24.Kf1 Rb8 25.Rd8 Reb6 26.Rxb8 Rxb8 27.Ke2 a5 28.Rd3 Rb6 29.Rd8 a4
30.bxa4 Rb2+ 31.Rd2 Rb4 32.Bc6  1-0

[Event "Wisla BES op"]
[Site "Wisla"]
[Date "1992.??.??"]
[Round "3"]
[White "Aleksandrov, Aleksej"]
[Black "Serper, Grigory"]
[Result "1-0"]
[WhiteElo "2460"]
[BlackElo "2540"]

1.d4 e6 2.c4 f5 3.g3 Nf6 4.Bg2 Bb4+ 5.Nd2 O-O 6.Nf3 d6 7.O-O Bxd2 8.Qxd2 Qe7
9.Qe3 Nc6 10.Rd1 e5 11.d5 Nd8 12.h3 Nf7 13.b3 Nh5 14.Nd2 Ng5 15.f4 Ne4 16.Nxe4 exf4
17.Qf3 fxe4 18.Qxh5 Rf5 19.Qh4 g5 20.Qh6 f3 21.g4 Re5 22.exf3 exf3 23.Bxf3 Bd7
24.h4 Rf8 25.Bxg5 Rxg5 26.Qxg5+ Qxg5 27.hxg5 Rxf3 28.Re1 Bxg4 29.Re7 Rf7
30.Rae1 Bd7 31.Kg2 Kf8 32.Rxf7+ Kxf7 33.Kg3 Bf5 34.Rf1 Kg6 35.Kh4 a5 36.Re1 Kf7
37.Rf1 Kg6 38.Re1 Kf7 39.Kh5 Bg6+ 40.Kh6 b6 41.Rf1+ Kg8 42.Rf2 Bd3 43.Rd2 Bg6
44.a3 Kf7 45.b4 axb4 46.axb4 Bb1 47.Rd1 Bg6 48.Ra1 Ke7 49.Kg7 Bd3 50.Rc1 Kd7
51.Rc3 Be4 52.b5  1-0